Report of an exploration of conditions and constraints to the effective integration of Thai Women epecially in the development of Thai food processing industries

Сохранить в:
Библиографические подробности
Главный автор: Tongyai Prachaksilp
Формат:
Язык:Undetermined
Опубликовано: Thailand Kasetsart Univ 1982
Предметы:
Метки: Добавить метку
Нет меток, Требуется 1-ая метка записи!
Thư viện lưu trữ: Trung tâm Học liệu Trường Đại học Cần Thơ
LEADER 00621nam a2200181Ia 4500
001 CTU_23517
008 210402s9999 xx 000 0 und d
082 |a 331.482 
082 |b T665 
100 |a Tongyai Prachaksilp 
245 0 |a Report of an exploration of conditions and constraints to the effective integration of Thai Women epecially in the development of Thai food processing industries 
245 0 |c Tongyai Prachaksilp 
260 |a Thailand 
260 |b Kasetsart Univ 
260 |c 1982 
650 |a women in industry 
904 |i Sáng, 980425 
980 |a Trung tâm Học liệu Trường Đại học Cần Thơ